| 000 | 00874nam a2200241Ia 4500 | ||
|---|---|---|---|
| 003 | OSt | ||
| 005 | 20221005113307.0 | ||
| 006 | a|||||r|||| 00| 0 | ||
| 007 | ta | ||
| 008 | 221004b |||||||| |||| 00| 0 pan d | ||
| 020 |
_a8130202352 (hbk) _c350 |
||
| 024 | _a107393 | ||
| 037 |
_b7848/II, 21/02/2011, Arsee Publishers _cTextual |
||
| 040 |
_aCRL _cCRL _bpan |
||
| 041 |
_2pan _apan |
||
| 082 | _aX.243, 153Q0 | ||
| 100 | _aਗਿਆਨ ਸਿੰਘ | ||
| 245 | 0 |
_aਪੰਜਾਬ ਦੀ ਆਰਥਕਤਾ _b ਕਾਰਗੁਗ਼ਾਰੀ ਅਤੇ ਚੁਣੌਤੀਆਂ |
|
| 260 |
_aਪਟਿਆਲਾ _bਪੰਜਾਬੀ ਯੂਨੀਵਰਸਿਟੀ ਭਾਰਤ _c2010 |
||
| 300 |
_a453ਪੰ _ccm. |
||
| 942 |
_hX.243, 153Q0 _cTEXL _2cc |
||
| 999 |
_c1027691 _d1027691 |
||